Wwe figures (map) Quiz Stats

 Plays Quiz not verified by Sporcle

Challenge
Share
Tweet
Score 0/32 Timer 10:00
1 Play Today
% Correct
The Rock
78.4%
John Cena
54.4%
Kane
49.8%
AJ Lee
47.5%
Triple H
44.7%
The Miz
42.7%
The Undertaker
41.5%
Sheamus
40.7%
CM Punk
40.4%
Daniel Bryan
40.1%
Mark Henry
39.6%
R Truth
39.4%
Randy Orton
38.4%
Brock Lesnar
38.4%
Jerry Lawler
38%
Chris Jericho
37.8%
% Correct
Dolph Ziggler
37%
Christian
36.9%
Ryback
36.9%
Alberto Del Rio
36.8%
Sin Cara
36.3%
Brodus Clay
34.3%
Kelly Kelly
33.8%
Zack Ryder
32.8%
Santino Marella
32.5%
Finlay
32.4%
Alicia Fox
32.1%
Kofi Kingston
31.8%
Cody Rhodes
31.4%
Evan Bourne
28.7%
Ricardo Rodriguez
27.8%
Shawn Michaels
26.5%

You're not logged in!

Compare scores with friends on all Sporcle quizzes.
Join for Free
OR
Log In

You Might Also Like...

Show Comments

Extras

Curator's Pick May 24, 2015ReportNominate
Tags:Toys Quiz, WWE Quiz, map

Top Quizzes Today


Score Distribution

Your Account Isn't Verified!

In order to create a playlist on Sporcle, you need to verify the email address you used during registration. Go to your Sporcle Settings to finish the process.

Report this User

Report this user for behavior that violates our Community Guidelines.

Details: